Perfume de violetas, nadie te oye y Tu mamá también : análisis comparativo de los reglamentos nacionales e internacionales de clasificación de películas a propósito del acuerdo publicado el 4 de abril de 2002 /

Kaydedildi:
Detaylı Bibliyografya
Yazar: Enríquez Maldonado, Jimena (autor)
Diğer Yazarlar: Rodríguez Canizales, Carolina (autor) (autor)
Materyal Türü: Tez Kitap
Dil:İspanyolca
Konular:
Etiketler: Etiketle
Etiket eklenmemiş, İlk siz ekleyin!

MARC

LEADER 00000nam^a2200000^a^4500
001 000183522
005 20250521000000.0
009 20260310102044.649
037 |a Acervo ITESO - Biblioteca 
041 |a ESP 
090 |a CCO. 598 
100 |a Enríquez Maldonado, Jimena  |e (autor) 
245 1 0 |a Perfume de violetas, nadie te oye y Tu mamá también :  |b análisis comparativo de los reglamentos nacionales e internacionales de clasificación de películas a propósito del acuerdo publicado el 4 de abril de 2002 /  |c J. Enríquez Maldonado, C. Rodríguez Canizales. 
264 |a Guadalajara, México :  |b edición de autor,  |c 2005 
300 |a 1 disco compacto de computadora 
336 |a datos para computadora  |b cod  |2 rdacontenido 
337 |a computadora  |b c  |2 rdamedio 
338 |a disco de computadora  |b cd  |2 rdasoporte 
502 |a ITESO Tesis de Licenciatura en Ciencias de la Comunicación 
530 |a Existe una edición en formato impreso con el mismo título 
649 |a XX 
650 |a Adolescentes -  |z México -  |x Condiciones Jurídicas 
650 |a Cinéfilos -  |z México -  |x Clasificación 
650 |a Público -  |z México -  |x Clasificación -  |x Tema Principal 
650 |a Receptores -  |z México -  |x Clasificación -  |x Tema Principal 
650 |a Edad (Derecho) -  |z México 
650 |a Libertad de Expresión -  |z México 
650 |a Distribución y Exhibición Cinematográficas -  |z México -  |x Aspectos Jurídicos -  |x Tema Principal 
650 |a Cine -  |z México -  |x Clasificación 
650 |a Cine -  |x Clasificación 
650 |a Cine Mexicano -  |y 2000-2009 
650 |a Cine Mexicano -  |x Historia y Crítica 
650 |a Cine Mexicano -  |x Industria y Comercio 
650 |a Cine Mexicano -  |x Aspectos Jurídicos 
650 |a Política de Comunicación -  |z México 
650 |a Comunicación y Política -  |z México 
650 |a Medios Audiovisuales -  |z México -  |x Aspectos Jurídicos 
650 |a Medios de Comunicación -  |z México -  |x Aspectos Jurídicos 
650 |a Comunicación Visual -  |z México -  |x Aspectos Jurídicos 
650 |a Comunicación Masiva -  |z México -  |x Aspectos Jurídicos 
650 |a Derecho a la Información -  |z México 
650 |a Derecho a la Información -  |z España 
650 |a Derecho a la Información -  |z EUA 
650 |a Derecho Público -  |z México 
650 |a Derecho Público -  |z España 
650 |a Derecho Público -  |z EUA 
650 |a Derecho Comparado 
700 |a Rodríguez Canizales, Carolina  |e (autor) 
910 |a Fondo General 
920 |a Electrónicos - Tesis del ITESO en Disco 
905 |a 202 
901 |a 0500124199  |b IT2  |c STS  |u 20250521 
902 |a https://opac.biblio.iteso.mx/vufind/Record/000183522